Vanya and the Wild Hunt / (Record no. 403663)
[ view plain ]
| 000 -LEADER | |
|---|---|
| fixed length control field | 01570nam a22004215 4500 |
| 001 - CONTROL NUMBER | |
| control field | BK0030892110 |
| 005 - DATE AND TIME OF LATEST TRANSACTION | |
| control field | 20250313154317.0 |
| 008 - FIXED-LENGTH DATA ELEMENTS--GENERAL INFORMATION | |
| fixed length control field | 241113s2025 nyua c 000 1 eng |
| 010 ## - LIBRARY OF CONGRESS CONTROL NUMBER | |
| LC control number | 2024025828 |
| 020 ## - INTERNATIONAL STANDARD BOOK NUMBER | |
| International Standard Book Number | 9781250899835 |
| 020 ## - INTERNATIONAL STANDARD BOOK NUMBER | |
| International Standard Book Number | 1250899834 |
| 037 ## - SOURCE OF ACQUISITION | |
| Source of stock number/acquisition | Henry Holt & Co, C/O Mps 175 Fifth Ave, New York, NY, USA, 10010, (646)3075339 |
| Note | SAN 631-5011 |
| 040 ## - CATALOGING SOURCE | |
| Language of cataloging | eng |
| Description conventions | rda |
| 041 0# - LANGUAGE CODE | |
| Language code of text/sound track or separate title | eng |
| 050 00 - LIBRARY OF CONGRESS CALL NUMBER | |
| Classification number | PZ7.7.M3343 |
| 082 ## - DEWEY DECIMAL CLASSIFICATION NUMBER | |
| Classification number | FIC |
| 092 ## - LOCALLY ASSIGNED DEWEY CALL NUMBER (OCLC) | |
| Classification number | J |
| 100 1# - MAIN ENTRY--PERSONAL NAME | |
| Personal name | Mandanna, Sangu, |
| 9 (RLIN) | 6422300 |
| Relator term | author. |
| 245 10 - TITLE STATEMENT | |
| Title | Vanya and the Wild Hunt / |
| Statement of responsibility, etc | Sangu Mandanna. |
| 246 30 - VARYING FORM OF TITLE | |
| Title proper/short title | Wild Hunt. |
| 250 ## - EDITION STATEMENT | |
| Edition statement | First edition. |
| 264 #1 - Production, Publication, Distribution, Manufacture, and Copyright Notice. | |
| Place of production, publication, distribution, manufacture | New York : |
| Name of producer, publisher, distributor, manufacturer | Roaring Brook Press, |
| Date of production, publication, distribution, manufacture, or copyr | 2025. |
| 300 ## - PHYSICAL DESCRIPTION | |
| Extent | 277 pages : |
| Other physical details | illlustrations ; |
| Dimensions | 22 cm |
| 336 ## - Content Type | |
| Content type term | text |
| 337 ## - Media type | |
| Media type term | unmediated |
| 338 ## - Carrier type | |
| Carrier type term | volume |
| 520 ## - SUMMARY, ETC. | |
| Summary, etc | Eleven-year-old British Indian Vanya is whisked away to a magical school where she trains to become a monster hunter and learns to embrace her wonderful neurodivergent self. |
| 521 1# - TARGET AUDIENCE NOTE | |
| Target audience note | Ages 8-12. |
| Source | Roaring Brook Press. |
| 521 2# - TARGET AUDIENCE NOTE | |
| Target audience note | Grades 4-6. |
| Source | Roaring Brook Press. |
| 650 #0 - SUBJECT ADDED ENTRY--TOPICAL TERM | |
| Topical term or geographic name as entry element | Schools |
| Form subdivision | Juvenile fiction. |
| 650 #0 - SUBJECT ADDED ENTRY--TOPICAL TERM | |
| Topical term or geographic name as entry element | Magic |
| Form subdivision | Juvenile fiction. |
| 9 (RLIN) | 5673690 |
| 650 #0 - SUBJECT ADDED ENTRY--TOPICAL TERM | |
| Topical term or geographic name as entry element | Wild huntsman (Tale) |
| Form subdivision | Juvenile fiction. |
| 9 (RLIN) | 6456912 |
| 650 #0 - SUBJECT ADDED ENTRY--TOPICAL TERM | |
| Topical term or geographic name as entry element | Monsters |
| Form subdivision | Juvenile fiction. |
| 9 (RLIN) | 5674163 |
| 650 #0 - SUBJECT ADDED ENTRY--TOPICAL TERM | |
| Topical term or geographic name as entry element | Neurodivergent people |
| Form subdivision | Fiction. |
| 9 (RLIN) | 6496207 |
| 650 #0 - SUBJECT ADDED ENTRY--TOPICAL TERM | |
| Topical term or geographic name as entry element | Attention-deficit hyperactivity disorder |
| Form subdivision | Juvenile fiction. |
| 9 (RLIN) | 6372216 |
| 655 #7 - INDEX TERM--GENRE/FORM | |
| Genre/form data or focus term | Fantasy fiction |
| Source of term | lcgft. |
| 942 ## - ADDED ENTRY ELEMENTS (KOHA) | |
| Source of classification or shelving scheme | Dewey Decimal Classification |
| Koha item type | BOOK |
| Withdrawn status | Lost status | Source of classification or shelving scheme | Damaged status | Not for loan | Collection code | Home library | Current library | Shelving location | Date acquired | Source of acquisition | Total Checkouts | Full call number | Barcode | Date last seen | Date checked out | Cost, replacement price | Price effective from | Koha item type |
|---|---|---|---|---|---|---|---|---|---|---|---|---|---|---|---|---|---|---|
| Dewey Decimal Classification | Junior Fiction | Wasatch County Library | Wasatch County Library | Main Floor Junior Area | 04/02/2025 | Micromarketing | 1 | J Mandanna | 34301002151092 | 09/03/2025 | 08/19/2025 | 17.99 | 04/02/2025 | BOOK |
